Pokémon - Les attaques de Pandespiègle - Statistiques

Statistiques générales
  • Ce quiz a été pris 10 fois
  • Le résultat moyen est 9 sur 13
Statistiques - réponses
Niveaux Types Noms des attaques % Correct
Départ Normal Charge
100%
Départ Normal Groz'Yeux
100%
Niveau 4 Combat Cogne
80%
Niveau 28 Combat Corps Perdu
80%
Niveau 33 Ténèbres Mâchouille
80%
Niveau 36 Normal Plaquage
80%
Niveau 12 Combat Projection
80%
Niveau 8 Ténèbres Provoc
80%
Niveau 24 Normal Tranche
80%
Niveau 16 Combat Balayette
60%
Niveau 40 Ténèbres Dernier Mot
40%
Niveau 20 Normal Rengorgement
40%
Niveau 44 Normal Ten-Danse
0%
Aucun quiz correspondant
Distribution des résultats
% des personnes avec chaque résultat
Percentile par nombre de réponses
Votre historique - résultats
Vous n’avez pas pris ce quiz